000 01054nam a22002297a 4500
005 20260305111407.0
008 240821b ||||| |||| 00| 0 eng d
082 _aDPer 155.205 J826 October-December 2020 v. 119 n. 4-6
100 _aChen, Zhansheng.
_eauthor.
_958583
245 _aLife lacks meaning without acceptance :
_bostracism triggers suicidal thoughts /
_cZhansheng Chen, C. Nathan DeWall, Kai-Tak Poon, and Tonglin Jiang.
260 _aWashington, DC ;
_bAmerican Psychological Association ,
_cDecember 2020.
300 _aVolume 119, pages 1423-1443 :
_billustration ;
_c28 cm.
500 _aJournal of Personality and Social Psychology, vol. 119, no. 6, pages 1423-1443, December 2020.
650 _aInterpersonal relations.
_961414
650 _aSelf-acceptance.
_961415
650 _aSuicide — Psychological aspects.
_961416
700 _aChen, Zhansheng.
_eauthor.
_958583
700 _aDeWall, C. Nathan.
_eauthor.
_958584
700 _aPoon, Kai-Tak.
_eauthor.
_958585
700 _aJiang, Tonglin.
_eauthor.
_958586
942 _2ddc
_cPER
999 _c20741
_d20741